East European Economies Post-Helsinki <A> Compendium of Papers Submitted to the Joint Economic Committee Congress of the United States

Saved in:
Bibliographic Details
Format: Book
Language:English
Published: Washington U.S. Government Printing Office 1977
Edition:1. ed.
Subjects:
Tags: Add Tag
No Tags, Be the first to tag this record!

MARC

LEADER 00000nam a2200000 4500
001 c016169
005 20221207074531.6
041 0 |a eng 
044 |a US 
245 1 0 |a East European Economies Post-Helsinki  |b <A> Compendium of Papers Submitted to the Joint Economic Committee Congress of the United States 
250 |a 1. ed. 
264 1 |a Washington  |b U.S. Government Printing Office  |c 1977 
300 |a 1427 s. 
610 2 0 |a politika hospodárska 
610 2 0 |a rozvoj hospodársky 
610 2 0 |a údaje štatistické 
610 2 0 |a východná Európa